|
|
|
|
| LEADER |
00000nam a2200000Ii 4500 |
| 001 |
DIGCARPAR0023 |
| 003 |
NyNyDIG |
| 006 |
m o d |
| 007 |
cr ||||||||||| |
| 008 |
230601s2022 gt ob 000 0 spa d |
| 035 |
|
|
|a (OCoLC)1367234334
|
| 040 |
|
|
|a DGITA
|b eng
|e rda
|e pn
|c DGITA
|
| 020 |
|
|
|a 9789929544581
|q edición digital
|q ePub
|
| 020 |
|
|
|a 9789929544291
|q edición digital
|q pdf
|
| 020 |
|
|
|z 9789929544284
|q edición física
|
| 043 |
|
|
|a ncgt---
|
| 050 |
1 |
4 |
|a PA8540.L4 ebook
|
| 100 |
1 |
|
|a Mata Gavidia, José,
|e author.
|
| 245 |
1 |
0 |
|a Estudios de la obra de Rafael Landívar, S. J. /
|c José Mata Gavidia.
|
| 264 |
|
1 |
|a Guatemala :
|b Universidad Rafael Landívar, Editorial Cara Parens,
|c 2022.
|
| 300 |
|
|
|a 1 online resource.
|
| 336 |
|
|
|a text
|b txt
|2 rdacontent
|
| 337 |
|
|
|a computer
|b c
|2 rdamedia
|
| 338 |
|
|
|a online resource
|b cr
|2 rdacarrier
|
| 347 |
|
|
|a text file
|2 rdaft
|
| 347 |
|
|
|b EPUB
|
| 347 |
|
|
|b PDF
|
| 490 |
1 |
|
|a Monumenta Landivariana. Serie mayor ;
|v volumen 2
|
| 500 |
|
|
|a "Investigaciones: históricas, literarias, lingüísticas y biográficas"--Cover.
|
| 504 |
|
|
|a Includes bibliographical references.
|
| 588 |
0 |
|
|a Online resource; title from ePub title page (Digitalia, viewed June 1, 2023)
|
| 600 |
1 |
0 |
|a Landívar, Rafael,
|d 1731-1793
|x Criticism and interpretation.
|
| 650 |
|
0 |
|a Poetry
|z Guatemala
|x History and criticism.
|
| 791 |
2 |
|
|a Digitalia (Firm),
|e distributor.
|
| 793 |
0 |
|
|g Digitalia eBook Collection:
|a Editorial Cara Parens
|
| 776 |
0 |
8 |
|i Print version:
|a Mata Gavidia, José.
|t Estudios de la obra de Rafael Landívar, S. J.
|d Guatemala : Universidad Rafael Landívar, Editorial Cara Parens, 2022
|z 9789929544284
|
| 830 |
|
0 |
|a Monumenta Landivariana.
|p Serie mayor ;
|v v. 2.
|
| 856 |
4 |
0 |
|3 Digitalia Hispánica
|u https://www.digitaliapublishing.com/a/126109/
|
| 910 |
|
|
|a Premium collection: 2023
|